Países por ponto mais alto - Statistics

Estatísticas Gerais
  • Esse quiz foi jogado 111 vezes
  • A pontuação média é 18 de 30
Estatísticas das Respostas
Ponto mais alto Altitude (em metros) País % Correto
Monte Everest 8848 m Nepal | China
100%
Kangchenjunga 8586 m Índia
92%
Monte McKinley 6168 m Estados Unidos
91%
Ojos del Salado 6880 m Chile
88%
Monte Elbrus 5642 m Rússia
88%
Huascarán 6768 m Peru
83%
Nevado Sajama 6542 m Bolívia
81%
Pico Cristóbal Colón ou Pico Simón Bolívar ambos 5775 m Colômbia
80%
Aconcágua 6960 m Argentina
79%
Maciço Logan 5959 m Canadá
78%
Pico de Orizaba 5636 m México
76%
Pico Bolívar 4981 m Venezuela
72%
Gangkhar Puensum 7570 m Butão
71%
K2 8611 m Paquistão
70%
Monte Chimborazo 6267 m Equador
69%
Noshaq 7492 m Afeganistão
58%
Khan Tengri 7010 m Cazaquistão
55%
Monte Damavand 5610 m Irã
49%
Monte Quénia 5199 m Quênia
48%
Monte Branco de Courmayeur 4748 m Itália
47%
Pico Jengish Chokusu 7439 m Quirguistão
47%
Monte Branco 4810 m França
45%
Pico Ismail Samani 7495 m Tajiquistão
43%
Kilimanjaro 5891,8 m Tanzânia
42%
Monte Ararate 5137 m Turquia
41%
Khazret Sultan 4643 m Uzbequistão
38%
Pirâmide Carstensz 4884 m Indonésia
34%
Monte Stanley 5110 m Uganda | Rep. Democrática do Congo
27%
Hkakabo Razi 5881 m Mianmar
23%
Shkhara 5193 m Geórgia
21%
Nenhum quiz correspondente encontrado
Distribuição das Pontuações
Porcentagem de Pessoas com Cada Pontuação
Percentil de Números Respondidos
Sua Pontuação Histórica
Você não jogou esse quiz